Prepositions & conjunctions

Bibliographic Details
Main Author: Gopalakrishnan, P.N
Format: Book
Published: New Delhi : Authorspress , 2006
Series:Authorspress carnival of english communication.
Subjects:

MARC

LEADER 00000cam a2200000 7i4500
001 0000037258
005 20130830.0
008 130830
020 |a 8172732759 
090 0 0 |a 428.2   |b GOP 
100 1 |a Gopalakrishnan, P.N 
245 1 0 |a Prepositions & conjunctions   |c P.N. Gopalakrishnan 
260 |a New Delhi :   |b Authorspress ,   |c 2006 
440 |a Authorspress carnival of english communication. 
650 0 |a English language   |x Grammar   |x Juvenile literature 
650 0 |a English language   |x Prepositions 
999 |a 0001023542   |b Book   |c Adult Collection   |e Perbadanan Perpustakaan Awam Johor 
999 |a 0001023545   |b Book   |c Adult Collection   |e Perbadanan Perpustakaan Awam Johor